<?xml version="1.0" encoding="UTF-8"?>
<record
    xmlns:xsi="http://www.w3.org/2001/XMLSchema-instance"
    xsi:schemaLocation="http://www.loc.gov/MARC21/slim http://www.loc.gov/standards/marcxml/schema/MARC21slim.xsd"
    xmlns="http://www.loc.gov/MARC21/slim">

  <leader>02582nam a22002297a 4500</leader>
  <controlfield tag="008">140609t2010    sp alus| |||| 00| 0 spa d</controlfield>
  <datafield tag="020" ind1=" " ind2=" ">
    <subfield code="a">9788483226551</subfield>
  </datafield>
  <datafield tag="050" ind1=" " ind2="4">
    <subfield code="a">R1245</subfield>
    <subfield code="b">B3518</subfield>
  </datafield>
  <datafield tag="100" ind1="1" ind2=" ">
    <subfield code="a">Ball, Jane W.</subfield>
    <subfield code="e">autor</subfield>
  </datafield>
  <datafield tag="245" ind1="1" ind2="0">
    <subfield code="a">Enfermer&#xED;a pedi&#xE1;trica </subfield>
    <subfield code="b"> : asistencia infantil</subfield>
    <subfield code="c"> / Jane W. Ball, Ruth C. Blinder ; traducci&#xF3;n Jane W. Ball</subfield>
  </datafield>
  <datafield tag="260" ind1="3" ind2=" ">
    <subfield code="a">Madrid, Espa&#xF1;a</subfield>
    <subfield code="b">: Pearson</subfield>
    <subfield code="c">, 2010</subfield>
  </datafield>
  <datafield tag="300" ind1=" " ind2=" ">
    <subfield code="a">xxx, 1382 p&#xE1;ginas + CD ROM</subfield>
    <subfield code="b">: ilustraciones</subfield>
  </datafield>
  <datafield tag="500" ind1=" " ind2=" ">
    <subfield code="a">Traduccion de Pediatric Nursing : Caring for Children
</subfield>
  </datafield>
  <datafield tag="504" ind1=" " ind2=" ">
    <subfield code="a">Incluye: Ap&#xE9;ndices pp. 1308-1325 e &#xCD;ndice alfab&#xE9;tico p 1326</subfield>
  </datafield>
  <datafield tag="505" ind1="1" ind2=" ">
    <subfield code="a">Funci&#xF3;n del profesional de enfermer&#xED;a en la asistencia pedi&#xE1;trica en el hospital, en la comunidad y el domicilio
Asistencia centrada en la familia : teor&#xED;a y pr&#xE1;ctica
Crecimiento y desarrollo
Nutrici&#xF3;n del lactante, el ni&#xF1;o y el adolescente
Valoraci&#xF3;n pedi&#xE1;trica
Influencias sociales y del entorno en los ni&#xF1;os
Introducci&#xF3;n a la promoci&#xF3;n y el mantenimiento de la salud
Promoci&#xF3;n  y mantenimiento de la salud en el reci&#xE9;n nacido y el lactante
Promoci&#xF3;n  y mantenimiento de la salud en la edad preescolar y escolar
Promoci&#xF3;n  y mantenimiento de la salud en el Adolescente
Consideraciones de asistencia sanitaria pedi&#xE1;trica en la comunidad 
Consideraciones de enfermer&#xED;a pedi&#xE1;trica en casos de enfermedad cr&#xF3;nica
Consideraciones de enfermer&#xED;a para los ni&#xF1;os hospitalizados
Ni&#xF1;os con enfermedades de riesgo vital y cuidados paliativos
Evaluaci&#xF3;n y control del dolor
Alteraciones hidroelectrol&#xED;ticas y del equilibrio acidob&#xE1;sico
Alteraciones de la funci&#xF3;n inmunitaria
Enfermedades infecciosas y contagiosas
Alteraciones en la funci&#xF3;n de ojos, o&#xED;dos, nariz y garganta
Alteraciones de la funci&#xF3;n respiratoria
Alteraciones de la funci&#xF3;n cardiovascular
Alteraciones de la funci&#xF3;n hematol&#xF3;gica
Alteraciones en el crecimiento celular
Alteraciones de la funci&#xF3;n digestiva
Alteraciones de la funci&#xF3;n genitourinaria
Alteraciones de la funci&#xF3;n neurol&#xF3;gica
Alteraciones de la salud mental y cognitivas
Alteraciones de la funci&#xF3;n musculoesquel&#xE9;tica
Alteraciones de la funci&#xF3;n endocrina y metab&#xF3;lica
Alteraciones de la integridad cut&#xE1;nea
Alteraciones </subfield>
  </datafield>
  <datafield tag="519" ind1=" " ind2=" ">
    <subfield code="a">Material complementario /</subfield>
    <subfield code="b">Lic. en Enfermer&#xED;a / </subfield>
    <subfield code="d">23 000516, 23 000517, 23 000518, 23 004181</subfield>
  </datafield>
  <datafield tag="650" ind1="1" ind2="4">
    <subfield code="a">ENFERMERIA PEDIATRICA</subfield>
  </datafield>
  <datafield tag="700" ind1="1" ind2=" ">
    <subfield code="a">Blinder, Ruth C.</subfield>
    <subfield code="e">autor</subfield>
  </datafield>
  <datafield tag="700" ind1="1" ind2=" ">
    <subfield code="a">Ball, Jane W.</subfield>
    <subfield code="e">traductor</subfield>
  </datafield>
  <datafield tag="942" ind1=" " ind2=" ">
    <subfield code="c">LB</subfield>
  </datafield>
  <datafield tag="952" ind1=" " ind2=" ">
    <subfield code="0">0</subfield>
    <subfield code="1">0</subfield>
    <subfield code="2">lcc</subfield>
    <subfield code="4">0</subfield>
    <subfield code="7">0</subfield>
    <subfield code="a">23</subfield>
    <subfield code="b">23</subfield>
    <subfield code="d">2015-07-15</subfield>
    <subfield code="l">5</subfield>
    <subfield code="o">R1245 B3518</subfield>
    <subfield code="p">23 004181</subfield>
    <subfield code="r">2023-07-08</subfield>
    <subfield code="s">2020-02-06</subfield>
    <subfield code="t">4</subfield>
    <subfield code="w">2015-07-15</subfield>
    <subfield code="y">LB</subfield>
    <subfield code="f"></subfield>
  </datafield>
  <datafield tag="952" ind1=" " ind2=" ">
    <subfield code="0">0</subfield>
    <subfield code="1">0</subfield>
    <subfield code="4">0</subfield>
    <subfield code="7">0</subfield>
    <subfield code="a">23</subfield>
    <subfield code="b">23</subfield>
    <subfield code="d">2016-05-11</subfield>
    <subfield code="l">2</subfield>
    <subfield code="m">2</subfield>
    <subfield code="o">R1245 B3518</subfield>
    <subfield code="p">23 000516</subfield>
    <subfield code="r">2023-10-09</subfield>
    <subfield code="s">2023-07-24</subfield>
    <subfield code="t">1</subfield>
    <subfield code="w">2016-05-11</subfield>
    <subfield code="y">LB</subfield>
  </datafield>
  <datafield tag="952" ind1=" " ind2=" ">
    <subfield code="0">0</subfield>
    <subfield code="1">0</subfield>
    <subfield code="4">0</subfield>
    <subfield code="7">0</subfield>
    <subfield code="a">23</subfield>
    <subfield code="b">23</subfield>
    <subfield code="d">2016-05-11</subfield>
    <subfield code="l">4</subfield>
    <subfield code="m">1</subfield>
    <subfield code="o">R1245 B3518</subfield>
    <subfield code="p">23 000517</subfield>
    <subfield code="r">2026-02-06</subfield>
    <subfield code="s">2023-10-09</subfield>
    <subfield code="t">2</subfield>
    <subfield code="w">2016-05-11</subfield>
    <subfield code="y">LB</subfield>
  </datafield>
  <datafield tag="952" ind1=" " ind2=" ">
    <subfield code="0">0</subfield>
    <subfield code="1">0</subfield>
    <subfield code="4">0</subfield>
    <subfield code="7">0</subfield>
    <subfield code="a">23</subfield>
    <subfield code="b">23</subfield>
    <subfield code="d">2016-05-11</subfield>
    <subfield code="l">7</subfield>
    <subfield code="m">2</subfield>
    <subfield code="o">R1245 B3518</subfield>
    <subfield code="p">23 000518</subfield>
    <subfield code="r">2026-01-28</subfield>
    <subfield code="s">2024-01-31</subfield>
    <subfield code="t">3</subfield>
    <subfield code="w">2016-05-11</subfield>
    <subfield code="y">LB</subfield>
  </datafield>
  <datafield tag="999" ind1=" " ind2=" ">
    <subfield code="c">93040</subfield>
    <subfield code="d">93040</subfield>
  </datafield>
</record>
